| 000 -LEADER |
| fixed length control field |
00770nam a2200229Ia 4500 |
| 001 - CONTROL NUMBER |
| control field |
1902 |
| 003 - CONTROL NUMBER IDENTIFIER |
| control field |
GE_BSU |
| 005 - DATE AND TIME OF LATEST TRANSACTION |
| control field |
20221010161145.0 |
| 008 - FIXED-LENGTH DATA ELEMENTS--GENERAL INFORMATION |
| fixed length control field |
181216s2005ru xx |||||||||||||| ||rus|| |
| 020 ## - INTERNATIONAL STANDARD BOOK NUMBER |
| International Standard Book Number |
5902357306 |
| 040 ## - CATALOGING SOURCE |
| Transcribing agency |
GE_BSU |
| 041 ## - LANGUAGE CODE |
| Language code of text/sound track or separate title |
rus |
| 080 ## - UNIVERSAL DECIMAL CLASSIFICATION NUMBER |
| Universal Decimal Classification number |
347(075.8) Г-67 |
| 100 ## - MAIN ENTRY--PERSONAL NAME |
| Personal name |
Горбачева, Л.Н. |
| 9 (RLIN) |
15203 |
| 245 ## - TITLE STATEMENT |
| Title |
Гражданское право: |
| Remainder of title |
Учебное пособие для вузов / |
| Statement of responsibility, etc. |
Л.Н. Горбачева. |
| 264 ## - PRODUCTION, PUBLICATION, DISTRIBUTION, MANUFACTURE, AND COPYRIGHT NOTICE |
| Place of production, publication, distribution, manufacture |
Москва : |
| Name of producer, publisher, distributor, manufacturer |
Академический проект фонд ,,мир, |
| Date of production, publication, distribution, manufacture, or copyright notice |
2005 |
| 300 ## - PHYSICAL DESCRIPTION |
| Extent |
800 с. |
| 653 ## - INDEX TERM--UNCONTROLLED |
| keyword |
Гражданское право |
| 653 ## - INDEX TERM--UNCONTROLLED |
| keyword |
Სამოქალაქო სამართალი |
| 653 ## - INDEX TERM--UNCONTROLLED |
| keyword |
სამართალი |
| 942 ## - ADDED ENTRY ELEMENTS (KOHA) |
| Koha item type |
წიგნი |
| Source of classification or shelving scheme |
|